000 00536 a2200169 4500
005 20251003090501.0
008 250929b |||||||| |||| 00| 0 eng d
020 _a9789357518673
082 _aDC 778.9 W670 2025
100 _aWilliams, Alexander.
_968191
245 _aPhotojournalism theory /
_cAlexander Williams.
260 _aIndia :
_bRandom Publications LLP,
_c©2025.
300 _av, 260 pages :
_billustrations ;
_c23 cm.
500 _aIncludes bibliography and index.
650 0 _aPhotojournalism.
_968379
942 _2ddc
_cDC
999 _c23893
_d23893